000 00859nam a22002777a 4500
001 BR8705403
003 BR-BrBNA
005 20230928092723.0
007 ta
008 230509b bl.||||| |||| 00| 0 por d
040 _aBR-BrBNA
_bpor
_cBiblioteca Nacional de Agricultura
041 _a(Por)
072 _aE13
_b/G514
090 _ E13 BR8705403
110 1 _aDelegacia Federal de Agricultura de Pernambuco, Recife (Brasil)
_93056
245 1 _aAcompanhamento analitico da execucao dos convenios e ajustes do Ministerio da Agricultura no estado de Pernambuco. Quarto trimestre de 1982
260 3 _aRecife, PR (Brasil):
_c1983.
300 _a44 p.
500 _a23 tables
650 _aAGRICULTURA
650 _aCONVENIO
650 _aPROJETO DE DESENVOLVIMENTO
650 _aPERNAMBUCO
909 _a202309
_bLucia
_c55
_dLucia Elande
942 _cBK
999 _c40799
_d40799